NBA Career Highs - Points - Statistics

General Stats
  • This quiz has been taken 108 times
  • The average score is 7 of 12
Answer Stats
Hint Answer % Correct
Kobe Bryant 81
95%
Wilt Chamberlain 100
90%
Michael Jordan 69
62%
Luka Doncic 73
62%
Bill Russell 37
59%
David Robinson 71
57%
Kevin Durant 55
52%
Hakeem Olajuwon 52
49%
LeBron James 61
49%
Larry Bird 60
44%
Shaquille O'Neal 62
37%
Magic Johnson 46
35%
No matching quizzes found
Score Distribution
Percent of People with Each Score
Percentile by Number Answered
Your Score History
You have not taken this quiz